<?xml version="1.0" encoding="UTF-8"?>
<record
    xmlns:xsi="http://www.w3.org/2001/XMLSchema-instance"
    xsi:schemaLocation="http://www.loc.gov/MARC21/slim http://www.loc.gov/standards/marcxml/schema/MARC21slim.xsd"
    xmlns="http://www.loc.gov/MARC21/slim">

  <leader>00890cam a22002291  4500</leader>
  <controlfield tag="001">ne 68003403 </controlfield>
  <controlfield tag="003">DLC</controlfield>
  <controlfield tag="005">20260227111846.0</controlfield>
  <controlfield tag="008">820709s1966    iq c     b    000 0 arar </controlfield>
  <datafield tag="010" ind1=" " ind2=" ">
    <subfield code="a">ne 68003403 </subfield>
  </datafield>
  <datafield tag="035" ind1=" " ind2=" ">
    <subfield code="a">(OCoLC)8586243</subfield>
  </datafield>
  <datafield tag="040" ind1=" " ind2=" ">
    <subfield code="a">DLC</subfield>
    <subfield code="c">TU</subfield>
    <subfield code="d">TU</subfield>
    <subfield code="d">DLC</subfield>
  </datafield>
  <datafield tag="050" ind1="0" ind2="0">
    <subfield code="a">Z7052</subfield>
    <subfield code="b">.M87 1965</subfield>
  </datafield>
  <datafield tag="111" ind1="2" ind2=" ">
    <subfield code="a">Mu&#x2BC;tamar al-Udab&#x101;&#x2BC; al-&#x2BB;Arab,</subfield>
    <subfield code="n">5th,</subfield>
    <subfield code="c">Baghd&#x101;d,</subfield>
    <subfield code="d">1965.</subfield>
  </datafield>
  <datafield tag="245" ind1="1" ind2="0">
    <subfield code="a">Udab&#x101;&#x2BC; al-Mu&#x2BC;tamar.</subfield>
    <subfield code="c">Jama&#x2BB;a maw&#x101;dd al-kit&#x101;b wa-nassaqa ma&#x2BB;l&#x16B;m&#x101;tih &#x2BB;Abd al-Razz&#x101;q al-Hil&#x101;l&#x12B;.</subfield>
  </datafield>
  <datafield tag="260" ind1=" " ind2=" ">
    <subfield code="a">Baghd&#x101;d,</subfield>
    <subfield code="b">Wizarat al-Thaq&#x101;fah wa-al-Irsh&#x101;d,</subfield>
    <subfield code="c">1966.</subfield>
  </datafield>
  <datafield tag="300" ind1=" " ind2=" ">
    <subfield code="a">206 p.</subfield>
    <subfield code="b">ports.</subfield>
    <subfield code="c">24 cm.</subfield>
  </datafield>
  <datafield tag="440" ind1=" " ind2="0">
    <subfield code="a">Silsilat al-kutub al-&#x1E25;ad&#x12B;thah,</subfield>
    <subfield code="v">12</subfield>
  </datafield>
  <datafield tag="500" ind1=" " ind2=" ">
    <subfield code="a">"&#x2BB;Uqida bi-Baghd&#x101;d f&#x12B; shahr Shub&#x101;&#x1E6D; min &#x2BB;&#x101;m 1965 Mu&#x2BC;tamar al-Udab&#x2BC;&#x304;a al-&#x2BB;Arab al-Kh&#x101;mis".</subfield>
  </datafield>
  <datafield tag="650" ind1=" " ind2="0">
    <subfield code="a">Arabic literature</subfield>
    <subfield code="y">1801-</subfield>
    <subfield code="x">Bio-bibliography.</subfield>
  </datafield>
  <datafield tag="700" ind1="1" ind2=" ">
    <subfield code="a">Hil&#x101;l&#x12B;, &#x2BB;Abd al-Razz&#x101;q,</subfield>
    <subfield code="e">comp.</subfield>
  </datafield>
  <datafield tag="999" ind1=" " ind2=" ">
    <subfield code="c">50766</subfield>
    <subfield code="d">50766</subfield>
  </datafield>
</record>
